Library Banner

Yeh udaas subhey yeh udaas shamey = یہ اداس صبحیں یہ اداس شامیں / (Record no. 114654)

MARC details
000 -LEADER
fixed length control field 00563nam a22001697a 4500
005 - DATE AND TIME OF LATEST TRANSACTION
control field 20191115094003.0
008 - FIXED-LENGTH DATA ELEMENTS--GENERAL INFORMATION
fixed length control field 191115b ||||| |||| 00| 0 eng d
020 ## - INTERNATIONAL STANDARD BOOK NUMBER
International Standard Book Number 978969173732
040 ## - CATALOGING SOURCE
Transcribing agency PK-LaUMT
082 ## - DEWEY DECIMAL CLASSIFICATION NUMBER
Classification number 891.4393
Item number TAH-Y
100 ## - MAIN ENTRY--PERSONAL NAME
Personal name Tahir Javed Mughal = طاہر جاوید مغل
245 ## - TITLE STATEMENT
Title Yeh udaas subhey yeh udaas shamey = یہ اداس صبحیں یہ اداس شامیں /
Statement of responsibility, etc by Tahir Javed Mughal = طاہر جاوید مغل
260 ## - PUBLICATION, DISTRIBUTION, ETC. (IMPRINT)
Place of publication, distribution, etc Lahore :
Name of publisher, distributor, etc Ali Mian Publications,
Date of publication, distribution, etc 2017
300 ## - PHYSICAL DESCRIPTION
Extent 352 p.
546 ## - LANGUAGE NOTE
Language note Urdu
942 ## - ADDED ENTRY ELEMENTS (KOHA)
Koha item type Books
Holdings
Withdrawn status Lost status Damaged status Home library Current library Date acquired Full call number Barcode Date last seen Price effective from Koha item type
      UMT Main Campus UMT Main Campus 2019-11-15 891.4393 TAH-Y 131154 2024-12-24 2019-11-15 Books